01670nam a2200217 a 4500008004100000020001800041041000800059092001900067100002600086245004200112250001100154260003000165300002100195500007400216505084100290590005901131655001701190942001301207999001501220952021701235161215t2013 ag |||g ||| 001 p spa d a9789876041959 aspa c808.8l77sSAR1 aSarachu, Sergio93287 aPuert@s Suspensiv@s /cSergio Sarachu a1a ed. aNeuquén:bEDUCO;c2013. a74 p.c21x15 cm. aSarachu, S. (2013). Puert@s suspensiv@s. (1a ed.). Neuquén : EDUCO. aSergio Sarachu, poeta, periodista y restaurador de muebles antiguos, nació en Olavarría y desde 1974 -con algunas intermitencias- reside en Neuquén. Pertenece al grupo de escritores patagónicos que en los finales de la dictadura irrumpió en la literatura nacional con una poesía comprometida y de ruptura. De esa generación literaria que giró en torno a la revista Coirón -fue su Jefe de Redacción- y del Centro de Escritores Patagónicos. Sarachu es el único que aún permanecía inédito. Durante estos años fue premiado en varias oportunidades e incluido en publicaciones y antologías. En su poema Tarea nos dice: "el poeta restaura una emoción que está en el otro. Se hace poesía, polvo, árbol, denuncia, silencio en suspensión. Hasta que llega otr@ puert@...otr@ poeta, a seguir la tarea..." aProyecto 4to libro. Donación EDUCO, Septiembre 2017. aPoesia92929 2ddccLIT c2454d2454 00102ddc4070aBFMbBFMcCRd2017-09-19eProyecto 4to libro. Donación EDUCO, Septiembre 2017.l0o808.8 77 SARp3915r2017-09-19tEj. 1w2017-09-19yLITzProyecto 4to libro. Donación EDUCO, Septiembre 2017.